000 01707cam a2200373 a 4500
999 _c173174
_d173174
001 16192789
003 Nust
005 20180117090020.0
008 100419s2011 enkab b 001 0 eng
010 _a 2010016606
020 _a9780415566520 (hardback)
020 _a9780415566544 (pbk.)
040 _aDLC
_cDLC
_dDLC
042 _apcc
043 _ae-uk---
050 0 0 _aHT166.G7
_bH34 2011
082 0 0 _a361.60941
_222
100 1 _aHall, Peter,
_d1932-2014.
245 1 0 _aUrban and regional planning /
_cPeter Hall and Mark Tewdwr-Jones.
250 _a5th ed.
260 _aLondon ;
_aNew York :
_bRoutledge,
_cc2011.
300 _ax, 281 p. :
_bill., maps ;
_c26 cm.
504 _aIncludes bibliographical references and index.
505 0 _aPlanning, planners and plans -- The origins: urban growth from 1800 to 1940 -- The seers: pioneer thinkers in urban planning, from 1880 to 1945 -- The creation of the postwar planning machine, from 1940 to 1952 -- National/regional planning from 1945 to 2010 -- Planning for cities and city regions from 1945 to 2010 -- Planning in western Europe since 1945 -- Planning in the United States since 1945 -- The planning process.
650 0 _aCity planning.
650 0 _aRegional planning.
650 0 _aCity planning
_zGreat Britain.
650 0 _aRegional planning
_zGreat Britain.
700 1 _aTewdwr-Jones, Mark.
906 _a7
_bcbc
_corignew
_d1
_eecip
_f20
_gy-gencatlg
942 _2ddc
_cBK